000 00412nam a22001577a 4500
005 20231101075730.0
008 231101b |||||||| |||| 00| 0 eng d
041 _aEnglish
082 _a346.7 MAK
100 _aFaris, V
_lEnglish
245 _aMaking Money /
_cV Faris
260 _c2009
300 _b33 pages ;
_c30 cm.
650 _aLegal practice
_bLaw
942 _cBK
_6ALISON_BN_VRIES
999 _c206
_d206